Ta naše krásná zem

Hlavní autor: Růžička, Karel, hudebník
Jazyk: Čeština
Vydáno: [1953?]
Témata:
Externí odkaz: Titulní list (klikněte pro zobrazení)
Zobrazení hudebního incipitu
Fyzický popis: 1 sv. (nestránkován) ; 33 cm
Hudebniny Hudebniny
Uloženo v:
LEADER 01320ndm a2200337 a 4500
001 001248726
003 CZ BrMZK
005 20161021170511.0
007 qu
008 120913s1953 xr sgz g cze d
031 |a 01  |b 01  |c 01  |m S  |g G-2  |o 3/4  |p '8GG''4ED/8CG4BA/AG-/  |r C  |t Ten kdo nezná naši krásnou zemi  |2 pe 
040 |a BOA001  |b cze 
048 |b vu02  |a ka01 
072 7 |a 784  |x Vokální hudba  |2 Konspekt  |9 9 
080 |a 784.3/.7:784.9  |2 MRF 
080 |a 78.089.6  |2 MRF 
080 |a (0.032)78  |2 MRF 
100 1 |a Růžička, Karel,  |c hudebník  |4 cmp 
245 1 0 |a Ta naše krásná zem  |h [rukopis] /  |c K. Růžička 
260 |c [1953?] 
300 |a 1 sv. (nestránkován) ;  |c 33 cm 
500 |a Autograf 
567 8 |a Je možné doplnit incipity 
650 0 7 |a písně (zpěv (2), klavír)  |2 czenas 
655 7 |a partitury  |7 fd185981  |2 czenas 
655 7 |a hudební rukopisy  |7 fd278469  |2 czenas 
856 4 1 |u https://imageserver.mzk.cz/mzk01/001/248/726/2619480609  |y Titulní list (klikněte pro zobrazení) 
856 4 1 |u http://audioserver.mzk.cz/incipity/png/001248726-010101.png  |y Zobrazení hudebního incipitu 
910 |a BOA001  |b RKPMus-0442.779 
990 |a MU 
996 6 |b 2619480609  |c RKPMus-0442.779  |l Stud. starých tisků/4.patro  |r Sklad / do násl. otevíracího dne  |n 0  |w 001282672  |x 9  |u 000010  |a 1  |e BOA001  |j MZK50  |s P